Online Catalogue and eLibrary

Hiru uda weyi (Record no. 4813)

MARC details
000 -LEADER
fixed length control field 00424nam a2200157Ia 4500
005 - DATE AND TIME OF LATEST TRANSACTION
control field 20250430044617.0
008 - FIXED-LENGTH DATA ELEMENTS--GENERAL INFORMATION
fixed length control field 240331s9999 xx 000 0 und d
020 ## - INTERNATIONAL STANDARD BOOK NUMBER
ISBN 9559584405
082 ## - DDC Classification
Item Number - Author Mark KAR
Class No. 891
100 ## - MAIN ENTRY--PERSONAL NAME
Personal name Karunarathne,K
245 #0 - TITLE STATEMENT
Title Hiru uda weyi
260 ## - PUBLICATION, DISTRIBUTION, ETC.
Place of publication, distribution, etc. Colombo
Name of publisher, distributor, etc. Dayawansa Jayakody & Co. Ltd
Date of publication, distribution, etc. 1995
300 ## - PHYSICAL DESCRIPTION
Extent (e.g. Volumes, Pages etc.) 364 p .,
500 ## - GENERAL NOTE
General note The Translation of Ernest Hemingway's The sun also rises
942 ## - Koha item type (Biblio)
Koha item type Books in Stacks (Lending)
Holdings
Lost status Damaged status Collection code Home library Current library Shelving location Date acquired Full call number Accession Number Item type
    Lending WERC Library WERC Library Social Science Cupboard 03/31/2024 891.48 KAR 2814 Books in Stacks (Lending)

© WERC Library